[Event "9. Korbacher Open 2017"]
[Site "Korbach"]
[Date "2017.10.20"]
[Round "3"]
[White "Dudink, Bas"]
[Black "Heinemann, Ernst"]
[Result "0-1"]
[WhiteElo "1951"]
[BlackElo "2099"]
[Annotator "NA RC"]
[PlyCount "142"]
[EventDate "2017.??.??"]
[EventType "swiss"]
[EventCountry "GER"]
[SourceTitle "playchess.com"]
[Source "ChessBase"]
[SourceQuality "1"]
[TimeControl "40/5400+30:1800+30"]

{[%evp 8,141,20,32767,32767,32767,32767,32767,32767,32767,32767,32767,32767,32767,32767,30,56,17,52,-70,-92,-87,-89,-99,-42,-43,-23,-29,-25,-17,-24,-31,-8,-16,-13,-21,-6,-13,-16,-20,-21,-13,-14,-42,-6,-16,-4,-15,0,0,0,0,0,0,0,-11,0,0,0,0,0,0,0,0,8,0,0,32767,32767,32767,32767,32767,0,0,32767,0,0,32767,32767,32767,32767,-71,-71,-140,-96,-249,-129,-189,-143,-174,-26,-73,-75,-79,-35,-81,-115,-137,32767,32767,0,32767,32767,32767,32767,-181,32767,32767,32767,32767,32767,32767,32767,32767,-184,32767,-139,-138,-87,-95,-89,-248,-337,-265,32767,32767,32767,-764,-2832,-12841,-6881,-4133,-4133,-4133,-2850,-29978]} 1. d4 {[%emt 0:00:00]} Nf6 {[%emt 0:00:06]} 2. c4 {[%emt 0:00:00]} c5 {[%emt 0:00:05]} 3. d5 {[%emt 0:00:00]} b5 {[%emt 0:00:06]} 4. cxb5 {[%emt 0:00:00]} a6 {[%emt 0:00:04]} 5. bxa6 {[%emt 0:00:00]} e6 {[%emt 0:00:06]} 6. Nc3 {[%emt 0:00:08]} Nxd5 {[%emt 0:00:15]} 7. Nxd5 {[%emt 0:01:02]} exd5 {[%emt 0:00:06]} 8. Qxd5 {[%emt 0:01:09]} Nc6 {[%emt 0:00:06]} 9. e4 {[%emt 0:02:15]} Be7 {[%emt 0:00:07] A58: Benko/Volga Gambit: Lines with 5 bxa6} 10. Nf3 {[%emt 0:01:29]} Bxa6 {[%emt 0:01:47]} 11. Bd2 {[%emt 0:08:12]} Qb6 {[%emt 0:05:23]} 12. Bc3 {[%emt 0:02:49]} O-O {[%emt 0:00:48]} 13. Bc4 $146 {[%emt 0:00:48] [#]} ({Don't play} 13. Qxd7 Rfd8 $15) (13. a3 $14) ({Predecessor:} 13. Bxa6 Qxa6 14. Ne5 Nd4 15. Bxd4 cxd4 16. f4 Rac8 17. Qb3 {½-½ (28) Nikitin,A (2452)-Annageldyev,O (2458) Alushta 2004}) 13... Nb4 $1 {[%emt 0:03:31]} 14. Bxb4 {[%emt 0:01:58]} ({But not} 14. Qe5 $2 Bf6 $19) 14... Qxb4+ {[%emt 0:01:08]} 15. Nd2 {[%emt 0:00:06]} Bb7 {[%emt 0:12:57]} ({Of course not} 15... Qxb2 $6 16. O-O $11) 16. Qd3 {[%emt 0:07:29]} Bg5 {[%emt 0:14:15]} (16... d5 $5 17. exd5 Bg5 $11) 17. Qc3 {[%emt 0:02:49]} Qxc3 {[%emt 0:03:39]} 18. bxc3 {[%emt 0:00:10]} Bxd2+ {[%emt 0:00:16]} 19. Kxd2 {[%emt 0:00:11]} Bxe4 {[%emt 0:00:06]} 20. f3 {[%emt 0:00:34]} Bc6 {[%emt 0:00:11]} 21. Rhb1 {[%emt 0:03:06]} g6 {[%emt 0:14:28]} 22. Rb6 {[%emt 0:02:36]} Ra5 {[%emt 0:02:32]} 23. Ra6 {[%emt 0:20:55]} Rxa6 {[%emt 0:05:48]} 24. Bxa6 {[%emt 0:00:03]} Ra8 {[%emt 0:00:58]} 25. Bc4 {[%emt 0:04:22]} Kf8 {[%emt 0:02:37]} 26. Bb3 {[%emt 0:00:26]} d5 {[%emt 0:04:56]} 27. a4 {[%emt 0:01:51]} Rb8 {[%emt 0:01:17]} 28. Bc2 {[%emt 0:00:34]} Ra8 {[%emt 0:01:47]} 29. a5 {[%emt 0:10:46]} Bb5 {[%emt 0:01:19]} 30. h4 {[%emt 0:02:12]} Ke7 {[%emt 0:00:42]} 31. g4 {[%emt 0:02:32]} Kd6 {[%emt 0:00:15]} 32. f4 {[%emt 0:01:17]} h6 {[%emt 0:06:02]} 33. Bd1 {[%emt 0:06:05]} Ra7 {[%emt 0:00:46]} 34. Bf3 {[%emt 0:00:19]} c4 {[%emt 0:02:43]} 35. Ke3 {[%emt 0:03:46]} Kc5 {[%emt 0:00:45]} 36. Rd1 {[%emt 0:01:33]} Bc6 {[%emt 0:03:10]} 37. Ra1 {[%emt 0:00:22]} f6 {[%emt 0:03:18]} 38. Ra2 {[%emt 0:00:46]} Ra6 {[%emt 0:01:58]} 39. Ra1 {[%emt 0:00:13]} Be8 {[%emt 0:01:12]} 40. Ra2 {[%emt 0:00:39]} Bb5 {[%emt 0:36:03]} 41. Ra1 {[%emt 0:31:02]} Re6+ {[%emt 0:01:00]} 42. Kd2 {[%emt 0:00:20]} d4 {[%emt 0:01:05]} 43. cxd4+ {[%emt 0:06:32]} Kxd4 {[%emt 0:00:16]} 44. Ra3 {[%emt 0:00:00]} Ba6 {[%emt 0:00:00]} 45. Rc3 {[%emt 0:00:00]} (45. Bd1 $142) 45... Re7 {[%emt 0:00:00]} 46. Bg2 {[%emt 0:00:00] [#]} (46. Bd1 $17) 46... Rc7 {[%emt 0:00:00]} (46... g5 $1 $19 {and Black stays clearly on top.} 47. hxg5 hxg5) 47. Kc2 {[%emt 0:00:00]} Rc5 {[%emt 0:00:00]} 48. Ra3 {[%emt 0:00:00] [#]} g5 $2 {[%emt 0:00:00]} (48... c3 $1 $19 49. Ra4+ Ke3 50. Re4+ Kf2) 49. fxg5 {[%emt 0:00:00]} fxg5 {[%emt 0:00:00]} 50. hxg5 {[%emt 0:00:15]} hxg5 {[%emt 0:00:00]} 51. Bf1 {[%emt 0:01:06]} Re5 {[%emt 0:00:00]} 52. Kd1 {[%emt 0:03:38]} Re4 {[%emt 0:00:00]} 53. Be2 {[%emt 0:00:18]} Re5 {[%emt 0:00:00]} (53... Re6 $17 54. Ra2 Kc3) 54. Bf1 {[%emt 0:01:02]} Re6 {[%emt 0:00:00]} 55. Rf3 {[%emt 0:01:28]} Bb5 {[%emt 0:00:00]} 56. Ra3 {[%emt 0:01:14]} Rf6 {[%emt 0:00:00]} 57. Be2 {[%emt 0:00:14]} Re6 {[%emt 0:00:00]} 58. Bf1 {[%emt 0:00:09]} Kc5 {[%emt 0:00:00]} 59. Ra1 {[%emt 0:01:14]} Rf6 {[%emt 0:00:00]} 60. Be2 {[%emt 0:00:14]} Kb4 {[%emt 0:00:00]} 61. Kc2 {[%emt 0:01:37]} Rf2 {[%emt 0:00:00]} (61... Ba4+ $19 62. Kd2 c3+ 63. Ke1 Rd6) 62. Kd1 {[%emt 0:00:11]} Rg2 {[%emt 0:00:00]} ({Better is} 62... Rf7 $19 63. Ke1 Re7) 63. Bf1 {[%emt 0:01:45] [#]} Rg1 $1 {[%emt 0:00:00]} 64. Kc2 $2 {[%emt 0:01:00]} (64. Ke1 $17 {war die einzige Chance.}) 64... Ba4+ {[%emt 0:00:00]} 65. Kd2 {[%emt 0:00:06]} c3+ {[%emt 0:00:00]} 66. Ke3 {[%emt 0:00:29]} Kxa5 {[%emt 0:00:24]} 67. Kd3 $2 {[%emt 0:01:19]} (67. Kf2 Rh1 68. Kg2) 67... Kb4 {[%emt 0:01:55]} ({Inferior is} 67... Rxf1 68. Rxf1 Bb5+ 69. Kxc3 $11) 68. Rb1+ {[%emt 0:00:28]} Bb3 {[%emt 0:00:14]} 69. Ke2 {[%emt 0:01:24]} Rxg4 {[%emt 0:01:18]} 70. Bh3 {[%emt 0:00:33]} Rd4 {[%emt 0:00:51]} 71. Ke3 {[%emt 0:00:27]} c2 {[%emt 0:01:13]} 0-1

[Event "9. Korbacher Open 2017"]
[Site "Korbach"]
[Date "2017.10.20"]
[Round "3"]
[White "Nemetz, Markus"]
[Black "Meyer, Marcel"]
[Result "1-0"]
[WhiteElo "1951"]
[BlackElo "1740"]
[Annotator "NA RC"]
[PlyCount "153"]
[EventDate "2017.??.??"]
[EventType "swiss"]
[EventCountry "GER"]
[SourceTitle "playchess.com"]
[Source "ChessBase"]
[SourceQuality "1"]
[TimeControl "40/5400+30:1800+30"]

{[%evp 8,144,16,32767,8,0,32767,69,104,103,109,100,122,110,120,113,104,73,85,91,134,91,212,176,192,200,183,187,206,163,174,176,32767,32767,201,174,226,188,210,188,217,188,188,195,233,206,248,188,253,256,249,268,271,206,215,204,203,209,219,205,218,126,32767,141,32767,112,115,133,32767,32767,32767,182,32767,32767,32767,32767,156,178,229,287,269,102,101,205,129,258,212,245,380,347,387,352,470,479,531,554,32767,32767,32767,32767,32767,32767,32767,32767,612,32767,879,650,709,638,707,900,886,950,771,1033,32767,1168,823,32767,32767,32767,1090,1614,1556,2269,1406,2031,1535,1515,3051,29979,2089,29982,29984,29986,32767,29989,29988]} 1. d4 {[%emt 0:00:00]} Nf6 {[%emt 0:00:10]} 2. c4 {[%emt 0:00:00]} e6 {[%emt 0:00:10]} 3. Nc3 {[%emt 0:00:00]} Bb4 {[%emt 0:00:07]} 4. f3 {[%emt 0:00:00]} c5 {[%emt 0:01:27]} 5. d5 {[%emt 0:00:52]} d6 {[%emt 0:02:07]} 6. e4 {[%emt 0:00:49]} e5 {[%emt 0:02:14]} 7. Bd3 {[%emt 0:01:02] E20: Nimzo-Indian: 4 g3 and 4 f3} O-O {[%emt 0:01:11]} (7... Nh5 8. Nge2 Qh4+ 9. g3 Bxc3+ 10. Kf2 Be1+ 11. Qxe1 Qh3 12. Be3 O-O 13. Qd2 g6 14. g4 Bxg4 15. fxg4 {1-0 (30) Dvirnyy,D (2533)-Slavin,A (2391) Jerusalem 2015}) 8. Nge2 {[%emt 0:00:26]} Nh5 {[%emt 0:05:13]} 9. O-O {[%emt 0:05:18]} Na6 $146 {[%emt 0:03:15]} ({Predecessor:} 9... Bxc3 10. bxc3 Nd7 11. Rb1 b6 12. Bc2 Ba6 13. Qd3 Qh4 14. Ba4 Rad8 {1-0 (44) Quiroga,S (2265)-Goncalves,C (1918) ICCF email 2006}) 10. Qe1 {[%emt 0:04:57]} Nc7 {[%emt 0:04:40]} 11. g4 {[%emt 0:04:53]} Nf6 {[%emt 0:02:57]} 12. Bg5 {[%emt 0:00:39]} h6 {[%emt 0:03:38]} 13. Bd2 {[%emt 0:00:52]} Nh7 {[%emt 0:03:42]} 14. Qg3 {[%emt 0:02:28]} g5 {[%emt 0:05:04]} (14... Bd7 $16) 15. Kf2 {[%emt 0:02:26]} Kg7 {[%emt 0:05:28]} 16. Rh1 {[%emt 0:04:28]} Rh8 {[%emt 0:02:22]} 17. h4 {[%emt 0:01:52]} f6 {[%emt 0:01:27]} 18. Be3 {[%emt 0:13:46]} Bd7 {[%emt 0:02:20]} 19. a3 {[%emt 0:05:18]} Bxc3 {[%emt 0:02:41]} 20. Nxc3 {[%emt 0:00:26]} Rb8 {[%emt 0:02:16]} 21. b4 {[%emt 0:07:04]} b6 {[%emt 0:00:59]} (21... b5 $142 22. bxc5 bxc4) 22. Rhb1 {[%emt 0:04:24]} Na6 {[%emt 0:05:28]} 23. Rb2 {[%emt 0:00:55]} Qe7 {[%emt 0:03:47]} 24. b5 {[%emt 0:06:24]} Nc7 {[%emt 0:00:42]} 25. a4 {[%emt 0:00:07]} Ra8 {[%emt 0:03:50]} 26. a5 {[%emt 0:00:40]} Rhb8 {[%emt 0:02:08]} 27. Rba2 {[%emt 0:02:19]} Qd8 {[%emt 0:02:13]} (27... Nf8 {might work better.} 28. h5 bxa5 29. Rxa5 a6 30. bxa6 Rb3) 28. Rh1 {[%emt 0:10:25]} Qe7 {[%emt 0:02:13]} 29. Qh2 {[%emt 0:03:13]} Rh8 {[%emt 0:02:19]} 30. Na4 {[%emt 0:02:47]} bxa5 {[%emt 0:02:31]} 31. Nc3 {[%emt 0:01:04]} Qd8 {[%emt 0:05:37]} 32. Rha1 {[%emt 0:01:04]} Qb8 {[%emt 0:01:39]} 33. Rxa5 {[%emt 0:01:51]} Qb7 {[%emt 0:03:25]} 34. h5 {[%emt 0:05:44]} (34. hxg5 $18 Nxg5 35. Bf1) 34... Rhb8 {[%emt 0:02:29]} 35. Kg3 {[%emt 0:01:39]} a6 {[%emt 0:02:49]} 36. Qb2 {[%emt 0:04:15]} Nf8 {[%emt 0:03:45]} 37. Bd2 {[%emt 0:01:17]} Bc8 {[%emt 0:03:00]} 38. Qa3 {[%emt 0:01:31]} Nd7 {[%emt 0:01:42] [#]} 39. bxa6 $1 {[%emt 0:00:43]} Rxa6 {[%emt 0:02:29]} 40. Rxa6 {[%emt 0:00:56]} Qxa6 {[%emt 0:31:51]} 41. Nb5 {[%emt 0:01:41]} Qxa3 {[%emt 0:00:00]} 42. Rxa3 {[%emt 0:00:15]} ({Viel schwächer ist} 42. Nxa3 Ra8 $16) 42... Nxb5 {[%emt 0:00:00]} 43. cxb5 {[%emt 0:00:13]} Kf7 {[%emt 0:00:00]} 44. Kf2 $2 {[%emt 0:01:03]} (44. Ra7 $18 {und der Rest ist Schweigen.}) 44... Ke7 {[%emt 0:00:00]} 45. Ra7 {[%emt 0:01:05]} Rb7 {[%emt 0:00:00] [#]} 46. Rxb7 $1 {[%emt 0:01:41]} Bxb7 {[%emt 0:00:00]} 47. Ba5 {[%emt 0:00:10]} c4 {[%emt 0:00:00]} (47... f5 $142 48. gxf5 Nf6) 48. Bxc4 {[%emt 0:01:35]} Nc5 {[%emt 0:00:00]} 49. Ke2 {[%emt 0:02:50]} Bc8 {[%emt 0:00:00]} 50. b6 {[%emt 0:05:28]} Nb7 {[%emt 0:00:00]} 51. Bb4 {[%emt 0:02:13]} Kd8 {[%emt 0:00:00]} 52. Bb5 {[%emt 0:02:40]} Ke7 {[%emt 0:02:15]} 53. Bc6 {[%emt 0:01:10]} Nd8 {[%emt 0:02:16]} 54. Kd3 {[%emt 0:00:18]} Ba6+ {[%emt 0:00:11]} 55. Ke3 {[%emt 0:01:14]} Nb7 {[%emt 0:00:37]} 56. Ba4 {[%emt 0:01:27]} Nd8 {[%emt 0:02:44]} 57. Bd1 {[%emt 0:01:00]} Kd7 {[%emt 0:00:45]} 58. Be2 {[%emt 0:00:16]} Bb7 {[%emt 0:00:02]} 59. Bb5+ {[%emt 0:00:31]} Ke7 {[%emt 0:00:14]} 60. Kd3 {[%emt 0:00:30]} Bc8 {[%emt 0:02:12]} 61. Kc4 {[%emt 0:00:54]} Bb7 {[%emt 0:00:44]} 62. Kb3 {[%emt 0:00:42]} Bc8 {[%emt 0:00:22]} 63. Ka4 {[%emt 0:00:35]} Nb7 {[%emt 0:00:29]} 64. Bc6 {[%emt 0:00:24]} Nd8 {[%emt 0:01:11]} 65. Kb5 {[%emt 0:01:01]} Nb7 {[%emt 0:00:23]} 66. Ka6 {[%emt 0:01:56]} Nc5+ {[%emt 0:00:23]} 67. Ka7 {[%emt 0:00:19]} Nd3 {[%emt 0:00:45]} 68. Bc3 {[%emt 0:01:31]} ({Nicht} 68. b7 Bxb7 69. Bd2 (69. Bxb7 Nxb4 70. Bc6 Nc2 $11) 69... Bc8 $18) 68... Nf2 {[%emt 0:00:26]} 69. b7 {[%emt 0:00:53]} Bxb7 {[%emt 0:00:01]} 70. Kxb7 {[%emt 0:00:16]} Nh3 {[%emt 0:00:05]} 71. Kc7 {[%emt 0:00:28]} Ng1 {[%emt 0:00:09]} 72. Bb4 {[%emt 0:00:07]} Nxf3 {[%emt 0:00:10]} 73. Bxd6+ {[%emt 0:00:30]} Kf7 {[%emt 0:00:04]} 74. Bb4 {[%emt 0:01:10]} f5 {[%emt 0:01:28]} 75. exf5 {[%emt 0:00:31]} Nd4 {[%emt 0:00:12]} 76. d6 {[%emt 0:00:18]} e4 {[%emt 0:00:51]} 77. d7 {[%emt 0:00:27]} 1-0

[Event "9. Korbacher Open 2017"]
[Site "Korbach"]
[Date "2017.10.20"]
[Round "3"]
[White "Wachsmann, Dietmar"]
[Black "Rutz, Matthias"]
[Result "1/2-1/2"]
[WhiteElo "1930"]
[BlackElo "2046"]
[Annotator "NA RC"]
[PlyCount "58"]
[EventDate "2017.??.??"]
[EventType "swiss"]
[EventCountry "GER"]
[SourceTitle "playchess.com"]
[Source "ChessBase"]
[SourceQuality "1"]
[TimeControl "40/5400+30:1800+30"]

{[%evp 8,58,17,14,25,-8,-4,11,28,17,18,16,10,22,29,43,88,8,9,15,30,0,32767,63,86,66,62,75,78,14,12,15,41,0,-8,2,22,12,44,-36,29,-82,0,0,0,32767,32767,-37,32767,-83,-61,-80,-66]} 1. e4 {[%emt 0:00:00]} c6 {[%emt 0:00:14]} 2. d4 {[%emt 0:00:00]} d5 {[%emt 0:00:06]} 3. exd5 {[%emt 0:00:00]} cxd5 {[%emt 0:00:13]} 4. c4 {[%emt 0:00:00]} Nf6 {[%emt 0:00:07]} 5. Nc3 {[%emt 0:00:05]} Nc6 {[%emt 0:00:12] LiveBook: 2764 Games} 6. cxd5 {[%emt 0:01:12]} Nxd5 {[%emt 0:00:10]} 7. Bc4 {[%emt 0:01:36] B13: Caro-Kann: Exchange Variation and Panov-Botvinnik Attack} (7. Nf3 g6 8. Qb3 e6 9. Bb5 Bg7 10. Bg5 f6 11. Bd2 O-O 12. Bxc6 bxc6 13. O-O Qb6 14. Qc2 Nb4 15. Qd1 Nd3 16. Na4 Qb5 17. Qc2 Ba6 {0-1 (57) Boruchovsky,A (2536)-Sargissian,G (2679) Douglas 2015}) 7... Nxc3 {[%emt 0:10:59]} 8. bxc3 {[%emt 0:01:04]} g6 {[%emt 0:01:29]} 9. Qf3 {[%emt 0:06:47]} e6 {[%emt 0:01:40]} 10. Ne2 {[%emt 0:01:04]} Bd7 $146 {[%emt 0:07:27]} ({Predecessor:} 10... Bg7 11. Ba3 Qa5 12. Bc5 Ne5 13. dxe5 Qxc5 14. Bd3 Bxe5 15. O-O {0-1 (24) Eriksson,M (2200)-Cramling,D (2375) Gausdal 1982}) 11. O-O {[%emt 0:03:13]} Rc8 {[%emt 0:05:42]} (11... Bd6 $14) 12. Bd3 {[%emt 0:09:32]} (12. Bb3 $16) 12... Bd6 {[%emt 0:04:55]} 13. Ng3 {[%emt 0:10:40]} Qh4 {[%emt 0:03:38]} 14. Qe4 {[%emt 0:04:48]} Qf6 {[%emt 0:19:20]} 15. Qg4 {[%emt 0:14:56]} Be7 {[%emt 0:07:18]} 16. Ne4 {[%emt 0:03:41]} Qg7 {[%emt 0:00:44]} 17. Qh3 {[%emt 0:06:00]} h5 {[%emt 0:03:17]} 18. Qg3 {[%emt 0:03:55]} h4 {[%emt 0:07:29]} 19. Qf3 {[%emt 0:04:52]} g5 {[%emt 0:02:23]} 20. a4 {[%emt 0:07:31]} f5 {[%emt 0:03:47]} 21. Nd2 {[%emt 0:03:39]} g4 {[%emt 0:03:55]} 22. Qe2 {[%emt 0:00:30]} O-O {[%emt 0:05:26]} 23. Ba3 {[%emt 0:01:29]} (23. Nc4 $14) 23... e5 {[%emt 0:01:50]} (23... h3 $15) 24. dxe5 {[%emt 0:04:25]} (24. Bc4+ $11 Kh7 25. Bxe7 Qxe7 26. Rab1) 24... Nxe5 {[%emt 0:02:07]} (24... Bxa3 $15 25. e6 Bb2 26. exd7 Qxd7) 25. Bxe7 $1 {[%emt 0:00:59]} Qxe7 {[%emt 0:00:02]} 26. Rfe1 {[%emt 0:03:11]} Qd6 {[%emt 0:01:39]} 27. Bb5 {[%emt 0:02:48]} (27. Bc4+ $11 Nxc4 28. Nxc4) 27... Rfe8 {[%emt 0:01:46]} 28. Nc4 {[%emt 0:00:58]} (28. Rad1 $1 $11 {bleibt in der Remisbreite.} Qc7 29. Qf1) 28... Nxc4 {[%emt 0:01:12]} 29. Bxc4+ $17 {[%emt 0:00:29]} Kg7 {[%emt 0:00:30]} 1/2-1/2

[Event "9. Korbacher Open 2017"]
[Site "Korbach"]
[Date "2017.10.20"]
[Round "3"]
[White "Hagedorn, Alfons"]
[Black "Boehme, Jonas"]
[Result "1-0"]
[WhiteElo "1923"]
[BlackElo "1675"]
[Annotator "NA RC"]
[PlyCount "57"]
[EventDate "2017.??.??"]
[EventType "swiss"]
[EventCountry "GER"]
[SourceTitle "playchess.com"]
[Source "ChessBase"]
[SourceQuality "1"]
[TimeControl "40/5400+30:1800+30"]

{[%evp 8,56,75,32767,32767,64,62,53,133,46,154,147,201,191,297,83,82,14,32,27,56,51,215,187,427,497,435,487,458,308,522,650,662,578,945,470,483,584,740,282,682,149,148,32767,244,32767,32767,32767,32767,377,520]} 1. Nf3 {[%emt 0:00:00]} f5 {[%emt 0:00:09]} 2. d3 {[%emt 0:00:08]} Nc6 {[%emt 0:01:35]} 3. e4 {[%emt 0:01:26]} fxe4 {[%emt 0:00:41]} 4. dxe4 {[%emt 0:00:36]} d6 {[%emt 0:01:29]} 5. Bc4 {[%emt 0:01:17]} Nf6 {[%emt 0:01:07]} 6. O-O {[%emt 0:01:14]} Bg4 {[%emt 0:00:17]} 7. Nc3 {[%emt 0:02:10]} Ne5 {[%emt 0:01:20] [#]} ({Black should try} 7... Qd7 $14) 8. Be2 {[%emt 0:00:03]} ({Only move:} 8. Nxe5 $1 $16 dxe5 9. Qe1) 8... Ng6 {[%emt 0:05:21]} ({Günstiger ist} 8... Nxf3+ $14 9. Bxf3 Bxf3 10. Qxf3 e5) 9. Ng5 {[%emt 0:06:25]} Bxe2 {[%emt 0:03:49]} 10. Qxe2 {[%emt 0:04:31]} ({But not} 10. Nxe2 $6 Qd7 $14) 10... h6 {[%emt 0:00:29]} 11. Nf3 $2 {[%emt 0:02:01]} (11. Ne6 $18 Qd7 12. Qc4) 11... Qd7 {[%emt 0:01:21]} 12. Rd1 {[%emt 0:01:09]} (12. e5 $16 Nxe5 13. Nxe5 dxe5 14. Rd1 (14. Qxe5 e6 $14)) 12... e5 {[%emt 0:00:52]} 13. Qc4 {[%emt 0:02:00]} O-O-O {[%emt 0:04:53]} 14. Be3 {[%emt 0:02:34]} Qg4 $2 {[%emt 0:02:42]} (14... Kb8 $14) 15. h3 {[%emt 0:00:56]} ({Resist} 15. Bxa7 Nf4) 15... Qh5 $2 {[%emt 0:01:12]} (15... Qd7 16. Bxa7 Qc6 17. Qe6+ Rd7) 16. Nb5 {[%emt 0:00:36]} Rd7 {[%emt 0:00:58]} 17. Nxa7+ {[%emt 0:03:25]} Kd8 {[%emt 0:01:46]} 18. Nb5 {[%emt 0:01:26]} Nf4 $2 {[%emt 0:02:11]} (18... Nh4 19. Nxh4 Qxh4) 19. Bxf4 {[%emt 0:01:13]} exf4 {[%emt 0:00:02]} 20. e5 {[%emt 0:01:02]} d5 {[%emt 0:04:28]} 21. Qxf4 {[%emt 0:02:28]} Ne4 {[%emt 0:01:00]} 22. e6 {[%emt 0:01:52]} Bc5 {[%emt 0:01:48]} (22... Bd6 $142) 23. Nbd4 $2 {[%emt 0:03:04]} (23. exd7 Bxf2+ 24. Kf1) 23... g5 $2 {[%emt 0:02:01]} (23... Rf8 24. Qe3 (24. exd7 Rxf4 25. Ne6+ Kxd7 $16) 24... Rd6) 24. Qg4 $16 {[%emt 0:09:18]} (24. Qf5 $18 {bietet bessere Gewinnchancen.} Rf8 {[#]} 25. e7+ $1 {[%mdl 512]} (25. exd7 Rxf5 26. Nxf5 Bxf2+ 27. Kh1 g4 $19) 25... Kxe7 26. Qe5+ Kd8 27. Ne6+ Kc8 28. Nxf8 Bxf8 29. Rxd5 Rxd5 30. Qxd5) 24... Qxg4 {[%emt 0:00:02]} 25. hxg4 {[%emt 0:00:06]} Re7 {[%emt 0:00:16]} (25... Rdh7 $16 26. Ne5 Re8) 26. Ne5 {[%emt 0:01:13]} Rhh7 {[%emt 0:02:04]} 27. Ng6 {[%emt 0:03:08]} Bxd4 {[%emt 0:01:16]} 28. Rxd4 {[%emt 0:00:20]} Rxe6 {[%emt 0:00:31]} 29. Nf8 1-0

[Event "9. Korbacher Open 2017"]
[Site "Korbach"]
[Date "2017.10.20"]
[Round "3"]
[White "Buese, Ralf"]
[Black "Powalla, Christian"]
[Result "1/2-1/2"]
[WhiteElo "1892"]
[BlackElo "1816"]
[Annotator "NA RC"]
[PlyCount "34"]
[EventDate "2017.??.??"]
[EventType "swiss"]
[EventCountry "GER"]
[SourceTitle "playchess.com"]
[Source "ChessBase"]
[SourceQuality "1"]
[TimeControl "40/5400+30:1800+30"]

{[%evp 8,34,4,11,73,5,-1,8,14,20,16,14,17,19,18,0,4,2,11,0,3,0,14,6,21,-16,-10,-18,0]} 1. d4 {[%emt 0:02:15]} Nf6 {[%emt 0:00:09]} 2. Bf4 {[%emt 0:00:10]} g6 {[%emt 0:00:33]} 3. e3 {[%emt 0:00:17]} Bg7 {[%emt 0:00:05]} 4. Nf3 {[%emt 0:00:24]} O-O {[%emt 0:00:07]} 5. Be2 {[%emt 0:00:18] LiveBook: 1008 Partien} d6 {[%emt 0:00:45]} 6. h3 {[%emt 0:00:16]} c5 {[%emt 0:03:43]} 7. c3 {[%emt 0:00:24]} Nbd7 {[%emt 0:04:29]} 8. Nbd2 {[%emt 0:02:48]} a6 {[%emt 0:01:44]} 9. a4 {[%emt 0:00:18]} b6 {[%emt 0:01:10]} 10. O-O {[%emt 0:02:44]} Bb7 {[%emt 0:00:16]} 11. Qb1 {[%emt 0:08:51]} Qc7 {[%emt 0:08:08]} 12. Bh2 {[%emt 0:03:53]} Rac8 {[%emt 0:04:20] A48: 1 d4 Nf6 2 Nf3 g6: Torre, London and Colle Systems} (12... Rfe8 13. Rc1 Rac8 14. Qa2 cxd4 15. exd4 Nd5 16. Bxa6 Bxa6 17. Qxd5 Nf6 18. Qb3 e5 19. dxe5 dxe5 20. Re1 {0-1 (81) Gorozhanin,M (2408)-Smith,B (2423) chess.com INT 2017}) 13. Re1 {[%emt 0:10:05]} Rfe8 {[%emt 0:04:34]} 14. e4 $146 {[%emt 0:05:53]} ({Predecessor:} 14. Qa2 cxd4 15. exd4 Bd5 16. c4 Bxf3 17. Nxf3 a5 18. d5 Ne4 19. Bd3 Nec5 20. Bf1 {1-0 (74) Bala,K (2264)-Tomerlin,S (2193) Novi Sad 2017}) 14... cxd4 15. cxd4 {[%emt 0:01:08]} Qc2 {[%emt 0:02:48]} 16. Bd3 {[%emt 0:00:51]} Qxb1 {[%emt 0:00:51]} 17. Raxb1 {[%emt 0:00:14]} Bf8 $11 1/2-1/2

[Event "9. Korbacher Open 2017"]
[Site "Korbach"]
[Date "2017.10.20"]
[Round "3"]
[White "Lehmann, Tim"]
[Black "Deutsch, Christoph"]
[Result "1/2-1/2"]
[WhiteElo "1865"]
[BlackElo "1755"]
[Annotator "NA RC"]
[PlyCount "23"]
[EventDate "2017.??.??"]
[EventType "swiss"]
[EventCountry "GER"]
[SourceTitle "playchess.com"]
[Source "ChessBase"]
[SourceQuality "1"]
[TimeControl "40/5400+30:1800+30"]

{[%evp 8,23,6,8,4,10,0,-6,32767,32767,16,18,18,9,196,36,44,0]} 1. d4 {[%emt 0:00:00]} d5 {[%emt 0:00:22]} 2. Bf4 {[%emt 0:00:00]} Nf6 {[%emt 0:00:28]} 3. e3 {[%emt 0:00:00]} c5 {[%emt 0:00:30]} 4. c3 {[%emt 0:00:00]} Nc6 {[%emt 0:00:26]} 5. Nd2 {[%emt 0:00:04]} e6 {[%emt 0:01:16]} 6. Ngf3 {[%emt 0:00:05]} Bd6 {[%emt 0:02:36]} 7. Bg3 {[%emt 0:00:08]} O-O {[%emt 0:01:29]} 8. Bd3 {[%emt 0:00:56]} Re8 {[%emt 0:01:57]} 9. Ne5 {[%emt 0:01:12]} Qc7 {[%emt 0:03:02]} 10. Ndf3 {[%emt 0:05:35]} Nd7 $2 {[%emt 0:03:23] [#]} (10... b6 $11 {and Black stays safe.}) 11. Nxd7 $2 {[%emt 0:08:14]} (11. Bxh7+ $1 $18 {[%mdl 512]} Kf8 (11... Kxh7 12. Ng5+) 12. Nxd7+ Bxd7 13. dxc5 Bxg3 14. hxg3) 11... Qxd7 {[%emt 0:01:34]} 12. Bxd6 $11 {[%emt 0:05:52]} 1/2-1/2